Crisis Management Beyond the Humanitarian-Development Nexus (Record no. 21137)

MARC details
000 -LEADER
fixed length control field 01030nam a2200121Ia 4500
008 - FIXED-LENGTH DATA ELEMENTS--GENERAL INFORMATION
fixed length control field 220616s9999||||xx |||||||||||||| ||und||
245 #0 - TITLE STATEMENT
Title Crisis Management Beyond the Humanitarian-Development Nexus
546 ## - LANGUAGE NOTE
Language note English[eng]
650 ## - SUBJECT ADDED ENTRY--TOPICAL TERM
Topical term or geographic name entry element Bilateral agencies||Chigumi Kawaguchi||Conflict prevention||crisis management||crisis prevention||disaster management||Hiroshi Higashiura||Honduras||Hurricane Mitch||humanitarian||humantiarian development nexus||Indonesian Tsunami||Japan International Corporation Agency Research Institute||JICA-RI||Mikio Ishiwatari||NGOs||Oscar A. Gmez||Peacebuilding||Ryoji Tateyama||risk management||South Sudan||Syrian Civil War||Timor-Leste||Tomoaki Honda||Toshiya Hoshino||Typhoon Yolanda||Yasuhito Jibiki||Yuichi Ono||Yukako Sakabe Tanaka||Yukie Osa
700 ## - ADDED ENTRY--PERSONAL NAME
Personal name Hanatani, Atsushi||Gómez, Oscar A.||Kawaguchi, Chigumi
856 ## - ELECTRONIC LOCATION AND ACCESS
Uniform Resource Identifier <a href="https://library.oapen.org/bitstream/20.500.12657/49726/1/9781351006811.pdf||https://library.oapen.org/bitstream/20.500.12657/49726/1/9781351006811.pdf">https://library.oapen.org/bitstream/20.500.12657/49726/1/9781351006811.pdf||https://library.oapen.org/bitstream/20.500.12657/49726/1/9781351006811.pdf</a>
942 ## - ADDED ENTRY ELEMENTS (KOHA)
Koha item type E-Books
Holdings
Withdrawn status Lost status Damaged status Not for loan Home library Current library Date acquired Total Checkouts Date last seen Price effective from Koha item type
        Kerala University of Digital Sciences, Innovation and Technology Knowledge Centre Kerala University of Digital Sciences, Innovation and Technology Knowledge Centre 16/06/2022   16/06/2022 16/06/2022 E-Books